An investigation of planar entry flow using a high-resolution flow birefringence method /
Guardado en:
| Otros Autores: | |
|---|---|
| Formato: | Manuscrito |
| Idioma: | English |
| Publicado: |
1991.
|
| Materias: | |
| Etiquetas: |
Agregar Etiqueta
Sin Etiquetas, Sea el primero en etiquetar este registro!
|
| LEADER | 00892ntm a22002295a 4500 | ||
|---|---|---|---|
| 001 | EIQ.libpla003645 | ||
| 008 | 080222s1991####paua#####bm###000#0#eng#d | ||
| 005 | 20080225142639.0 | ||
| 245 | 1 | 3 | |a An investigation of planar entry flow using a high-resolution flow birefringence method / |c by Stephen Richard Galante. |
| 260 | |c 1991. | ||
| 300 | |a xxv, 445 p. : |b il., tablas, figuras ; |c 28 cm. | ||
| 502 | |a Tesis (doctorado)-- Carnegie-Mellon University, 1991. | ||
| 500 | |a Director de tesis: Paul L. Frattini. | ||
| 504 | |a Incluye referencias bibliográficas. | ||
| 100 | 1 | |a Galante, Stephen Richard. |4 dis | |
| 710 | 2 | |a Carnegie-Mellon University |4 dgg. | |
| 650 | 4 | |a Polímeros |x Tesis. | |
| 650 | 4 | |a Polímeros |x Birefrigerancia. | |
| 650 | 4 | |a Polymers |x Thesis. | |
| 650 | 4 | |a Polymers |x Birefringence. | |
| 040 | |a AR-BbSID |b spa |c AR-BbSID | ||
| 859 | |a AR-BbSID |b BIB. PLAPIQUI |h 620.192 042 95 |i G 131 |p 5397 | ||
